[Event "Kingston Invitational Swiss"]
[Site "Kingston-upon-Thames"]
[Date "2025.08.13"]
[Round "3.23"]
[White "Atanasiu, Sorin Marian"]
[Black "Pirgon, Joshua"]
[Result "1/2-1/2"]
[WhiteElo "1524"]
[BlackElo "1849"]
[PlyCount "106"]
[EventDate "2025.08.12"]
[EventType "swiss"]
[EventRounds "9"]
[EventCountry "ENG"]

1. e4 Nf6 2. Nc3 d5 3. e5 d4 4. exf6 dxc3 5. bxc3 exf6 6. d4 Bd6 7. Qe2+ Qe7 8. Nf3 Bg4 9. Qxe7+ Kxe7 10. Be2 Re8 11. O-O Kf8 12. Be3 Nc6 13. Rab1 Na5 14. h3 Bd7 15. Rfe1 Rac8 16. c4 c5 17. d5 b6 18. Bd3 Kg8 19. Bd2 Nb7 20. Bc3 Bf4 21. Bd2 Bxd2 22. Nxd2 f5 23. f4 Nd6 24. Kf2 f6 25. Kf3 h5 26. Kf2 Kf7 27. h4 g6 28. g3 Rxe1 29. Rxe1 Re8 30. Rxe8 Kxe8 31. Ke3 Kd8 32. Kf3 Kc7 33. Ke3 Kb7 34. Nb3 Kc7 35. Kf3 Nb7 36. Ke3 Kd6 37. Kd2 a6 38. Be2 Be8 39. Kc3 Bf7 40. Bd3 Be8 41. Be2 b5 42. a3 Bd7 43. Bd3 Kc7 44. Be2 Kb6 45. Bd3 Nd6 46. Nd2 Be8 47. Be2 Bf7 48. Bf3 a5 49. Kb3 b4 50. c3 bxa3 51. Kxa3 Be8 52. Bd1 Bd7 53. Bc2 Be8 1/2-1/2

[Event "Kingston Invitational Swiss"]
[Site "Kingston-upon-Thames"]
[Date "2025.08.13"]
[Round "3.24"]
[White "Lin, William"]
[Black "Razhnou, Lev"]
[Result "1/2-1/2"]
[WhiteElo "1678"]
[BlackElo "1821"]
[PlyCount "112"]
[EventDate "2025.08.12"]
[EventType "swiss"]
[EventRounds "9"]
[EventCountry "ENG"]

1. e4 c5 2. c3 e6 3. d4 d5 4. exd5 exd5 5. Nf3 Nc6 6. Bb5 Nf6 7. O-O Be7 8. Ne5 Qb6 9. Qa4 Bd7 10. Nxd7 Nxd7 11. Re1 a6 12. Bxc6 Qxc6 13. Qxc6 bxc6 14. Bf4 Nf6 15. Bd6 Kd7 16. Bxe7 Rae8 17. dxc5 Rxe7 18. Rxe7+ Kxe7 19. Nd2 Nd7 20. Nb3 f6 21. f4 g6 22. Kf2 f5 23. Re1+ Kf7 24. Re3 a5 25. Ke2 a4 26. Nd4 Nxc5 27. Nxc6 Ne4 28. Nb4 Ke6 29. a3 Kd6 30. Rd3 Nf6 31. Nxd5 Nxd5 32. c4 Re8+ 33. Kf3 Rb8 34. Rd2 Kc6 35. cxd5+ Kd6 36. Ke2 Re8+ 37. Kd1 Re4 38. g3 Rc4 39. Rd3 Rc5 40. h3 Rc4 41. Kd2 Rc5 42. Rd4 Rb5 43. Kc2 Rb3 44. Rxa4 Rxg3 45. Rd4 Rxh3 46. a4 h5 47. a5 Re3 48. a6 h4 49. b4 h3 50. b5 Ra3 51. Rb4 h2 52. Rb1 Kxd5 53. b6 Rxa6 54. b7 Rc6+ 55. Kd3 h1=Q 56. Rxh1 Rb6 1/2-1/2

[Event "Kingston Invitational Swiss"]
[Site "Kingston-upon-Thames"]
[Date "2025.08.13"]
[Round "3.25"]
[White "Adams, Mark A"]
[Black "Eckert, Jonathan"]
[Result "1/2-1/2"]
[WhiteElo "1912"]
[BlackElo "1770"]
[PlyCount "54"]
[EventDate "2025.08.12"]
[EventType "swiss"]
[EventRounds "9"]
[EventCountry "ENG"]

1. e4 e6 2. d4 d5 3. Nc3 Bb4 4. e5 c5 5. Bd2 Bxc3 6. Bxc3 Nc6 7. Nf3 b6 8. Bd3 Nh6 9. Bd2 Nf5 10. c3 cxd4 11. cxd4 Bd7 12. Bc3 Rc8 13. O-O O-O 14. Rc1 f6 15. Bb1 fxe5 16. dxe5 Be8 17. h3 Bg6 18. Qe2 Qe7 19. Qd2 Nh4 20. Nd4 Nxd4 21. Bxd4 Bxb1 22. Rxb1 Nf5 23. Rbc1 Qh4 24. Rxc8 Rxc8 25. Be3 Qe4 26. Rc1 Rxc1+ 27. Qxc1 Qc4 1/2-1/2

[Event "Kingston Invitational Swiss"]
[Site "Kingston-upon-Thames"]
[Date "2025.08.13"]
[Round "3.26"]
[White "Kumar, Sachin"]
[Black "Mistry, Jaden"]
[Result "1-0"]
[WhiteElo "1800"]
[BlackElo "1768"]
[PlyCount "106"]
[EventDate "2025.08.12"]
[EventType "swiss"]
[EventRounds "9"]
[EventCountry "ENG"]

1. e4 c6 2. d4 d5 3. exd5 cxd5 4. Bd3 Nc6 5. c3 Nf6 6. Nf3 Bg4 7. Bf4 e6 8. Nbd2 Bd6 9. Bxd6 Qxd6 10. O-O O-O 11. Re1 Rfe8 12. Qb3 Qc7 13. Rac1 a6 14. Qc2 b5 15. Ne5 Bh5 16. Nb3 Bg6 17. Bxg6 hxg6 18. Qe2 Nxe5 19. Qxe5 Qxe5 20. Rxe5 Ne4 21. Nc5 Nxc5 22. dxc5 Rac8 23. b4 a5 24. Rd1 axb4 25. cxb4 Ra8 26. Re2 Ra4 27. Rb2 Rea8 28. Rdd2 d4 29. f4 Rd8 30. Kf2 Ra3 31. Rb3 Rda8 32. Rbb2 Rd8 33. Rb3 Rxb3 34. axb3 Kf8 35. Ke2 Ke7 36. Kd3 f5 37. Ra2 Rh8 38. g3 Kf6 39. h4 g5 40. hxg5+ Kg6 41. Kxd4 Rh3 42. Rg2 Rh1 43. Rd2 Rg1 44. Rd3 Kf7 45. c6 Ke7 46. Kc5 Rc1+ 47. Kb6 e5 48. fxe5 Ke6 49. Kb7 Kxe5 50. c7 Ke4 51. Rd2 Kf3 52. c8=Q Rxc8 53. Kxc8 Kxg3 1-0

[Event "Kingston Invitational Swiss"]
[Site "Kingston-upon-Thames"]
[Date "2025.08.13"]
[Round "4.1"]
[White "Bashylina, Luisa"]
[Black "Wilson, Ewan"]
[Result "1-0"]
[WhiteElo "2085"]
[BlackElo "2020"]
[PlyCount "69"]
[EventDate "2025.08.12"]
[EventType "swiss"]
[EventRounds "9"]
[EventCountry "ENG"]

1. d4 Nf6 2. c4 e6 3. Nc3 d5 4. cxd5 exd5 5. Bg5 c6 6. e3 Be7 7. Bd3 Nbd7 8. h3 O-O 9. Qc2 Re8 10. Nf3 h6 11. Bf4 Nf8 12. O-O Bd6 13. Ne5 Qe7 14. a3 N6d7 15. Nf3 Ne6 16. Bxd6 Qxd6 17. b4 a6 18. Rad1 Ng5 19. Nxg5 hxg5 20. e4 Nf8 21. e5 Qh6 22. Ne2 Ne6 23. a4 Bd7 24. Bf5 Rad8 25. Bxe6 Bxe6 26. f4 g6 27. fxg5 Qxg5 28. Qc3 Kg7 29. Rd3 Rh8 30. Rg3 Qe7 31. Rf6 Kf8 32. Nf4 Bf5 33. Nxg6+ Bxg6 34. Rgxg6 Ke8 35. Rg7 1-0

[Event "Kingston Invitational Swiss"]
[Site "Kingston-upon-Thames"]
[Date "2025.08.13"]
[Round "4.2"]
[White "Verma, Shlok"]
[Black "Grave, Jacob Templen"]
[Result "1/2-1/2"]
[WhiteElo "2076"]
[BlackElo "2366"]
[PlyCount "73"]
[EventDate "2025.08.12"]
[EventType "swiss"]
[EventRounds "9"]
[EventCountry "ENG"]

1. d4 d5 2. c4 e6 3. Nf3 Nf6 4. Nc3 Nbd7 5. e3 c6 6. Qc2 Bd6 7. Bd3 O-O 8. O-O dxc4 9. Bxc4 b5 10. Bd3 Bb7 11. e4 e5 12. h3 a6 13. dxe5 Nxe5 14. Nxe5 Bxe5 15. Be3 Re8 16. a4 Rc8 17. Rae1 c5 18. axb5 c4 19. Be2 Bxc3 20. Qxc3 axb5 21. Qb4 Bc6 22. f3 Nh5 23. Rd1 Qf6 24. b3 Qb2 25. Rd2 Qxb3 26. Qxb3 cxb3 27. Rb1 f5 28. Rxb3 fxe4 29. fxe4 Ng3 30. Bf4 Nxe4 31. Rc2 Nc5 32. Rbc3 Na4 33. Rb3 Be4 34. Rxc8 Rxc8 35. Bxb5 Nc3 36. Bf1 Nd5 37. Rb8 1/2-1/2

[Event "Kingston Invitational Swiss"]
[Site "Kingston-upon-Thames"]
[Date "2025.08.13"]
[Round "4.3"]
[White "Claverie, Raul"]
[Black "Lund, Gunnar"]
[Result "0-1"]
[WhiteElo "2180"]
[BlackElo "2326"]
[PlyCount "102"]
[EventDate "2025.08.12"]
[EventType "swiss"]
[EventRounds "9"]
[EventCountry "ENG"]

1. e4 c5 2. Nf3 d6 3. Bb5+ Bd7 4. a4 Nf6 5. d3 g6 6. e5 dxe5 7. Nxe5 Bxb5 8. axb5 Bg7 9. Qf3 Qd5 10. Qxd5 Nxd5 11. Nc4 Nd7 12. Na5 Nb4 13. Kd2 b6 14. Nc4 Nd5 15. Ra4 O-O 16. Re1 e6 17. c3 Nc7 18. Nca3 a6 19. bxa6 Ne5 20. Kc2 Nc6 21. Bf4 e5 22. Be3 Nxa6 23. Rc4 Nc7 24. b4 cxb4 25. Rxc6 bxa3 26. Nxa3 Nd5 27. Kb3 e4 28. dxe4 Nxc3 29. Bd2 Na4 30. Bb4 Nc5+ 31. Bxc5 bxc5 32. Rxc5 Rfb8+ 33. Nb5 Bd4 34. Rd5 Bxf2 35. Re2 Bg1 36. h3 Ra5 37. Kb4 Ra1 38. Rb2 Re1 39. e5 Bh2 40. Rbd2 Kg7 41. Kc4 Bxe5 42. Kd3 Bf4 43. Rb2 Rd1+ 44. Ke4 Re8+ 45. Kxf4 Rxd5 46. Nc7 Rd4+ 47. Kf3 Rd3+ 48. Kf2 Rc8 49. Rb7 Kg8 50. Na6 Rc2+ 51. Kg1 Rdd2 0-1

[Event "Kingston Invitational Swiss"]
[Site "Kingston-upon-Thames"]
[Date "2025.08.13"]
[Round "4.4"]
[White "Rudzinska, Michalina"]
[Black "Kothari, Jai"]
[Result "1/2-1/2"]
[WhiteElo "2200"]
[BlackElo "2051"]
[PlyCount "81"]
[EventDate "2025.08.12"]
[EventType "swiss"]
[EventRounds "9"]
[EventCountry "ENG"]

1. e4 c5 2. Nf3 Nc6 3. Bc4 g6 4. c3 e6 5. d4 cxd4 6. Nxd4 d5 7. exd5 exd5 8. Bb5 Bd7 9. O-O Bg7 10. Re1+ Nge7 11. Bxc6 bxc6 12. Qe2 Kf8 13. Bg5 f6 14. Bf4 Nf5 15. Ne6+ Bxe6 16. Qxe6 Qe7 17. Nd2 Qxe6 18. Rxe6 g5 19. Bg3 Rc8 20. Rae1 Kf7 21. Nb3 Rhd8 22. Nd4 Nxd4 23. Re7+ Kf8 24. cxd4 f5 25. Bc7 Re8 26. Bd6 Rxe7 27. Bxe7+ Kf7 28. Bc5 Bf8 29. Bxf8 Rxf8 30. Rc1 Rb8 31. b3 Rb6 32. Kf1 Ke6 33. Ke2 Kd6 34. Rc3 Rb4 35. Rf3 Rxd4 36. Rxf5 Re4+ 37. Kd3 Re5 38. Rf7 Re7 39. Rf8 Re1 40. Rf7 Re7 41. Rf8 1/2-1/2

[Event "Kingston Invitational Swiss"]
[Site "Kingston-upon-Thames"]
[Date "2025.08.13"]
[Round "4.5"]
[White "Agrawal, Shivam"]
[Black "Taylor, William J"]
[Result "1-0"]
[WhiteElo "2047"]
[BlackElo "1985"]
[PlyCount "103"]
[EventDate "2025.08.12"]
[EventType "swiss"]
[EventRounds "9"]
[EventCountry "ENG"]

1. d4 d5 2. c4 e6 3. Nc3 Nf6 4. Nf3 a6 5. cxd5 exd5 6. Bg5 Be6 7. e3 Nbd7 8. Bd3 Bd6 9. O-O c6 10. a3 h6 11. Bh4 O-O 12. b4 Qc7 13. Qb3 Ne4 14. Rfc1 Ndf6 15. Ne2 Rfc8 16. Bg3 Nxg3 17. hxg3 Qd7 18. Nf4 Bf5 19. Bxf5 Qxf5 20. a4 Bxf4 21. gxf4 Qe6 22. Ra2 Ne4 23. Rac2 Nd6 24. Ne5 f6 25. Nd3 Qe8 26. Nc5 b6 27. Nd3 Kf8 28. Nb2 b5 29. Qd3 Kg8 30. a5 Nc4 31. Qf5 Rc7 32. Nd3 Qd7 33. Qxd7 Rxd7 34. g4 Re7 35. Kg2 Kf7 36. Kf3 Re4 37. Nc5 Re7 38. Rh1 Na3 39. Rcc1 Nc4 40. Ke2 Raa7 41. Rh3 Ra8 42. Rg1 Raa7 43. g5 hxg5 44. fxg5 f5 45. g6+ Kf6 46. Rh8 Rec7 47. Re8 f4 48. Rf8+ Ke7 49. Rxf4 Na3 50. Rg5 Nc4 51. Rf7+ Kd6 52. Rgf5 1-0

[Event "Kingston Invitational Swiss"]
[Site "Kingston-upon-Thames"]
[Date "2025.08.13"]
[Round "4.6"]
[White "Farrand, Tom"]
[Black "Xian, Junhao"]
[Result "0-1"]
[WhiteElo "2077"]
[BlackElo "2159"]
[PlyCount "118"]
[EventDate "2025.08.12"]
[EventType "swiss"]
[EventRounds "9"]
[EventCountry "ENG"]

1. d4 f5 2. Nc3 Nf6 3. Bg5 d5 4. Bxf6 exf6 5. e3 Be6 6. Bd3 Nc6 7. Qf3 Qd7 8. h4 Nb4 9. Nge2 g6 10. Nf4 Bf7 11. O-O-O Nxd3+ 12. Nxd3 h5 13. Kb1 O-O-O 14. g3 Kb8 15. Qe2 Bd6 16. Nf4 c6 17. Na4 Qe7 18. Nd3 g5 19. Qd2 Be6 20. Rde1 Bc8 21. Qe2 Qf7 22. Qd2 Rde8 23. Qc3 Re7 24. hxg5 fxg5 25. Ne5 Qe8 26. f4 g4 27. Rh4 Reh7 28. Nc5 Be7 29. Reh1 Bd8 30. a4 Rh6 31. Qb4 Ka8 32. a5 R8h7 33. Na4 Qe7 34. Qc3 Qd6 35. b4 Kb8 36. Kb2 b6 37. axb6 axb6 38. R4h2 Ba6 39. Ra1 Bb5 40. Qb3 Bc4 41. Qc3 Ra7 42. Rhh1 Ra6 43. Nxc4 dxc4 44. Nc5 Rxa1 45. Rxa1 bxc5 46. Qa3 Kc8 47. Qa6+ Kd7 48. Qxc4 Qd5 49. Ra7+ Bc7 50. Qa6 Rh8 51. Qb7 Rc8 52. b5 cxd4 53. b6 Qb5+ 54. Kc1 Qf1+ 55. Kb2 Qb5+ 56. Kc1 dxe3 57. bxc7 e2 58. Kd2 Qd5+ 59. Kxe2 Re8+ 0-1

[Event "Kingston Invitational Swiss"]
[Site "Kingston-upon-Thames"]
[Date "2025.08.13"]
[Round "4.7"]
[White "Frostick, Clive A"]
[Black "Bates, Caspar J"]
[Result "1-0"]
[WhiteElo "2095"]
[BlackElo "2010"]
[PlyCount "61"]
[EventDate "2025.08.12"]
[EventType "swiss"]
[EventRounds "9"]
[EventCountry "ENG"]

1. e4 e6 2. Nf3 d5 3. Nc3 Nf6 4. e5 Nfd7 5. d4 c5 6. dxc5 Nc6 7. Bf4 Bxc5 8. Bd3 f6 9. exf6 Nxf6 10. Qe2 O-O 11. O-O a6 12. Ne5 Ba7 13. Rae1 Qb6 14. Nxc6 bxc6 15. Be5 Bd7 16. g4 c5 17. g5 c4 18. gxf6 cxd3 19. Qg4 g6 20. cxd3 Rf7 21. h4 Raf8 22. h5 Rxf6 23. Bxf6 Rxf6 24. Nxd5 exd5 25. Qxd7 Qd4 26. Re8+ Rf8 27. Qe6+ Kg7 28. h6+ Kxh6 29. Rxf8 Qh4 30. Rf3 Qg5+ 31. Kh1 1-0

[Event "Kingston Invitational Swiss"]
[Site "Kingston-upon-Thames"]
[Date "2025.08.13"]
[Round "4.8"]
[White "Fegan, Chris"]
[Black "Lalic, Susan K"]
[Result "0-1"]
[WhiteElo "1994"]
[BlackElo "2204"]
[PlyCount "56"]
[EventDate "2025.08.12"]
[EventType "swiss"]
[EventRounds "9"]
[EventCountry "ENG"]

1. Nf3 d5 2. b3 c5 3. e3 Nf6 4. Bb2 Nc6 5. Be2 e6 6. O-O Bd6 7. d4 b6 8. c4 O-O 9. Nc3 cxd4 10. exd4 Ne7 11. Ne5 Bb7 12. Nb5 Bb8 13. Rc1 a6 14. Nc3 Ng6 15. f4 dxc4 16. bxc4 Nh4 17. g4 Ne4 18. Nxe4 Bxe4 19. Bd3 Bb7 20. d5 exd5 21. Qc2 Ng6 22. Nxg6 fxg6 23. Qc3 d4 24. Qd2 Qh4 25. Be2 Qh3 26. Bd1 Bxf4 27. Rxf4 Rxf4 28. Qe2 Raf8 0-1

[Event "Kingston Invitational Swiss"]
[Site "Kingston-upon-Thames"]
[Date "2025.08.13"]
[Round "4.9"]
[White "Rushbrooke, Remy"]
[Black "Skettos, Nicolas"]
[Result "1-0"]
[WhiteElo "2090"]
[BlackElo "1968"]
[PlyCount "91"]
[EventDate "2025.08.12"]
[EventType "swiss"]
[EventRounds "9"]
[EventCountry "ENG"]

1. Nf3 Nf6 2. g3 b6 3. Bg2 Bb7 4. c4 c5 5. Nc3 g6 6. d3 Bg7 7. e4 d6 8. Bg5 h6 9. Bd2 O-O 10. Qc1 Kh7 11. h4 Nbd7 12. h5 Ng4 13. hxg6+ fxg6 14. Ng5+ Kg8 15. Ne6 Nxf2 16. O-O Nxd3 17. Qc2 Nb4 18. Qc1 Rxf1+ 19. Bxf1 Qe8 20. Nxg7 Kxg7 21. Bxh6+ Kh7 22. Qf4 Ne5 23. Be2 Nc2 24. Rf1 Nd4 25. Bd1 Qd7 26. Qh4 Kg8 27. Nd5 Bxd5 28. cxd5 Re8 29. Qg5 Qh3 30. Rf2 Kh7 31. Qf4 Qd7 32. Rh2 Kg8 33. Bg7 Kxg7 34. Qh6+ Kf7 35. Qh7+ Kf6 36. Rf2+ Ndf3+ 37. Bxf3 Nxf3+ 38. Rxf3+ Ke5 39. Rf4 Kd4 40. Qg7+ Kc4 41. a4 Kb4 42. Qc3+ Kxa4 43. e5+ c4 44. Qxc4+ Ka5 45. Qa2+ Kb5 46. Qa4+ 1-0

[Event "Kingston Invitational Swiss"]
[Site "Kingston-upon-Thames"]
[Date "2025.08.13"]
[Round "4.10"]
[White "Rice, Chris B"]
[Black "Yu, Rock"]
[Result "0-1"]
[WhiteElo "1926"]
[BlackElo "2107"]
[PlyCount "56"]
[EventDate "2025.08.12"]
[EventType "swiss"]
[EventRounds "9"]
[EventCountry "ENG"]

1. d4 d6 2. Nf3 Nf6 3. c4 g6 4. Nc3 Bg7 5. e4 O-O 6. Be2 Bg4 7. O-O Nbd7 8. Be3 c6 9. h3 Bxf3 10. Bxf3 e5 11. d5 Qc7 12. Qd2 cxd5 13. cxd5 Qa5 14. Rab1 Rfc8 15. Rfc1 a6 16. a4 Qb4 17. g4 Nc5 18. g5 Nb3 19. Qd1 Nd7 20. Na2 Qxa4 21. Rxc8+ Rxc8 22. Bg4 Qxa2 23. Bxd7 Rc4 24. Qd3 Nd4 25. Kg2 Nc2 26. Rc1 Qxb2 27. Kg3 b5 28. Bd2 Nd4 0-1

[Event "Kingston Invitational Swiss"]
[Site "Kingston-upon-Thames"]
[Date "2025.08.13"]
[Round "4.11"]
[White "Gosling, Marcus"]
[Black "Healey, Michael W"]
[Result "1-0"]
[WhiteElo "1909"]
[BlackElo "2135"]
[PlyCount "137"]
[EventDate "2025.08.12"]
[EventType "swiss"]
[EventRounds "9"]
[EventCountry "ENG"]

1. Nf3 f5 2. d3 Nc6 3. Nc3 d5 4. Bf4 e6 5. e4 Bb4 6. a3 Bxc3+ 7. bxc3 Nge7 8. exf5 O-O 9. f6 Ng6 10. Bg5 gxf6 11. Bh6 Re8 12. g3 e5 13. Nh4 Qd7 14. Be2 Qh3 15. Bh5 Nce7 16. Qf3 Nf5 17. Nxf5 Qxf5 18. Qxd5+ Be6 19. Qf3 b6 20. O-O Rad8 21. Qxf5 Bxf5 22. Rfe1 Bd7 23. Kg2 Ba4 24. Re2 Rd6 25. Rae1 Red8 26. Bxg6 hxg6 27. Bc1 g5 28. f4 gxf4 29. gxf4 R8d7 30. Kf2 Rh7 31. fxe5 fxe5 32. Rg1+ Kf8 33. Ke3 e4 34. Rg4 Rh3+ 35. Rg3 Rh4 36. Rf2+ Ke8 37. Rg8+ Ke7 38. Ke2 exd3+ 39. cxd3 Re6+ 40. Kf1 Kd7 41. Rg7+ Kc6 42. Bf4 Kb5 43. Rxc7 Rf6 44. Bg3 Rxf2+ 45. Kxf2 Rh6 46. Rxa7 Bc2 47. d4 Kc4 48. Rc7+ Kd3 49. d5 Bb3 50. d6 Rf6+ 51. Kg2 Bd5+ 52. Kh3 Ke4 53. Rh7 Bg8 54. Rh8 Be6+ 55. Kg2 Kd3 56. Rh4 Rf7 57. Rf4 Ra7 58. a4 Bd7 59. Bf2 Bxa4 60. Bxb6 Rg7+ 61. Kf2 Bc6 62. Bd4 Rg6 63. h4 Rg2+ 64. Kf1 Rb2 65. Rf7 Rb1+ 66. Kf2 Rb2+ 67. Kg3 Bd5 68. Rc7 Rg2+ 69. Kf4 1-0

[Event "Kingston Invitational Swiss"]
[Site "Kingston-upon-Thames"]
[Date "2025.08.13"]
[Round "4.12"]
[White "Han, Qixuan"]
[Black "Verma, Aditya"]
[Result "0-1"]
[WhiteElo "1896"]
[BlackElo "2093"]
[PlyCount "72"]
[EventDate "2025.08.12"]
[EventType "swiss"]
[EventRounds "9"]
[EventCountry "ENG"]

1. Nf3 d5 2. e3 g6 3. c4 c6 4. Nc3 Nf6 5. cxd5 Nxd5 6. d4 Bg7 7. Be2 O-O 8. O-O c5 9. Qb3 Nxc3 10. bxc3 Qb6 11. Rd1 Be6 12. Bc4 Bxc4 13. Qxc4 Na6 14. Ba3 Qa5 15. Qb3 Rfc8 16. Rac1 b5 17. h4 Rab8 18. Ng5 c4 19. Qb2 b4 20. Bxb4 Nxb4 21. cxb4 Rxb4 22. Qc3 e5 23. a3 Rb5 24. Qxa5 Rxa5 25. dxe5 h6 26. Ne4 Bxe5 27. f4 Bb2 28. Rc2 c3 29. Rd7 Rxa3 30. Nd6 Ra1+ 31. Kh2 Rd1 32. Kg3 Rc6 33. Rd8+ Kh7 34. Kf3 Rcxd6 35. Rc8 R6d2 36. R8xc3 Bxc3 0-1

[Event "Kingston Invitational Swiss"]
[Site "Kingston-upon-Thames"]
[Date "2025.08.13"]
[Round "4.13"]
[White "Keane, Graham D J"]
[Black "Gajowniczek, Maks"]
[Result "1-0"]
[WhiteElo "2146"]
[BlackElo "1847"]
[PlyCount "37"]
[EventDate "2025.08.12"]
[EventType "swiss"]
[EventRounds "9"]
[EventCountry "ENG"]

1. d4 Nf6 2. Nc3 d5 3. Bf4 a6 4. e3 c5 5. dxc5 Nc6 6. a3 e5 7. Bg5 Be6 8. b4 Be7 9. Nf3 O-O 10. Be2 Rc8 11. O-O h6 12. Bh4 Nd7 13. Bxe7 Nxe7 14. Qd2 e4 15. Nd4 Nb8 16. Na4 Qc7 17. c4 Bd7 18. Nb6 Rcd8 19. cxd5 1-0

[Event "Kingston Invitational Swiss"]
[Site "Kingston-upon-Thames"]
[Date "2025.08.13"]
[Round "4.14"]
[White "Han, Qixiang"]
[Black "Hawksworth, John C"]
[Result "0-1"]
[WhiteElo "2070"]
[BlackElo "2351"]
[PlyCount "88"]
[EventDate "2025.08.12"]
[EventType "swiss"]
[EventRounds "9"]
[EventCountry "ENG"]

1. d4 Nf6 2. Bg5 d5 3. Bxf6 exf6 4. e3 Be6 5. Nd2 c6 6. c4 dxc4 7. Ngf3 b5 8. Be2 Nd7 9. e4 f5 10. O-O fxe4 11. Nxe4 Be7 12. a4 a6 13. axb5 axb5 14. Ne5 Rxa1 15. Qxa1 Nb8 16. Qd1 O-O 17. f4 f6 18. Nf3 Na6 19. Kh1 Qd5 20. Nc3 Qd7 21. Qd2 Rd8 22. Rd1 Nb4 23. Ne4 Bf5 24. Ng3 Bd3 25. Bxd3 Nxd3 26. b3 Qd5 27. bxc4 bxc4 28. Nf1 Bd6 29. Ne3 Bxf4 30. Nxd5 Bxd2 31. Nxf6+ gxf6 32. Rxd2 Rb8 33. h3 c3 34. Rc2 Rb3 35. d5 cxd5 36. Nd4 Rb4 37. Nc6 d4 38. Kg1 Rb1+ 39. Kh2 Nb4 40. Nxb4 Rxb4 41. Kg3 Rc4 42. Kf2 d3 43. Rc1 d2 44. Rd1 c2 0-1

[Event "Kingston Invitational Swiss"]
[Site "Kingston-upon-Thames"]
[Date "2025.08.13"]
[Round "4.15"]
[White "Achour, Mohamed Anis"]
[Black "Makepeace, Philip J"]
[Result "1/2-1/2"]
[WhiteElo "2126"]
[BlackElo "2081"]
[PlyCount "55"]
[EventDate "2025.08.12"]
[EventType "swiss"]
[EventRounds "9"]
[EventCountry "ENG"]

1. d4 Nf6 2. Bf4 c5 3. d5 g6 4. Nc3 Bg7 5. e4 d6 6. Nf3 Bg4 7. Be2 O-O 8. O-O Nbd7 9. Nd2 Bxe2 10. Qxe2 a6 11. a4 Ne8 12. Nc4 Rb8 13. Rfe1 Ne5 14. a5 Nxc4 15. Qxc4 Nc7 16. Qb3 Qd7 17. e5 Nb5 18. Nxb5 axb5 19. Qg3 dxe5 20. Bxe5 Bxe5 21. Qxe5 Rfe8 22. a6 bxa6 23. Rxa6 Rbd8 24. Rd1 Qb7 25. Ra3 Rd6 26. Rad3 Red8 27. h4 Rf6 28. d6 1/2-1/2

[Event "Kingston Invitational Swiss"]
[Site "Kingston-upon-Thames"]
[Date "2025.08.13"]
[Round "4.16"]
[White "Stevenson, James"]
[Black "Osborne, Marcus E"]
[Result "1/2-1/2"]
[WhiteElo "1969"]
[BlackElo "2142"]
[PlyCount "109"]
[EventDate "2025.08.12"]
[EventType "swiss"]
[EventRounds "9"]
[EventCountry "ENG"]

1. e4 c5 2. d4 cxd4 3. c3 Nf6 4. e5 Nd5 5. Nf3 e6 6. cxd4 b6 7. Nc3 Nxc3 8. bxc3 Qc7 9. Bd2 Bb7 10. Bd3 d6 11. O-O Nd7 12. Re1 dxe5 13. Nxe5 Nxe5 14. Rxe5 Bd6 15. Bb5+ Ke7 16. Rh5 Be4 17. Qe2 Qb7 18. Re1 Bxg2 19. Qg4 g6 20. Bg5+ Kf8 21. Bf6 Rg8 22. Qg5 Bc6 23. Qh6+ Ke8 24. Qxh7 Rf8 25. Rxe6+ Kd7 26. Rhe5 Bxb5 27. Re7+ Bxe7 28. Rxe7+ Kc8 29. Rxb7 Kxb7 30. Be7 Rfe8 31. Qxf7 Rac8 32. d5 Rxc3 33. h4 Rc4 34. Bg5+ Ka6 35. Qxg6 Rg4+ 36. Kh2 Re1 37. Qf5 Rc4 38. h5 Rc5 39. Be3 Rc4 40. h6 Kb7 41. Qg5 Rc7 42. Bf4 Rd7 43. Qf5 Ree7 44. Bg5 Rf7 45. Qc2 Rxd5 46. h7 Bd3 47. Qxd3 Rxd3 48. h8=Q Rxf2+ 49. Kg1 Rf7 50. Qe5 Rh7 51. Qe4+ Ka6 52. Qa4+ Kb7 53. Qe4+ Ka6 54. Qa4+ Kb7 55. Qe4+ 1/2-1/2

[Event "Kingston Invitational Swiss"]
[Site "Kingston-upon-Thames"]
[Date "2025.08.13"]
[Round "4.17"]
[White "Josse, Mark"]
[Black "Hughes, Anthony"]
[Result "1-0"]
[WhiteElo "2113"]
[BlackElo "1930"]
[PlyCount "117"]
[EventDate "2025.08.12"]
[EventType "swiss"]
[EventRounds "9"]
[EventCountry "ENG"]

1. c4 e6 2. g3 d5 3. Bg2 dxc4 4. Qa4+ Bd7 5. Qxc4 Bc6 6. Nf3 Nd7 7. O-O Ngf6 8. d3 Be7 9. b3 Nb6 10. Qc2 Bxf3 11. Bxf3 c6 12. Bb2 O-O 13. Nd2 Qc7 14. Rfd1 Rfd8 15. Bg2 Nfd5 16. a3 Bf6 17. d4 g6 18. e4 Ne7 19. e5 Bg7 20. Rac1 Bh6 21. f4 Nf5 22. Qe4 Nd5 23. Nf1 Qb6 24. Rd3 Rd7 25. Kh1 Rad8 26. Rcd1 Qb5 27. Nd2 c5 28. a4 Qb4 29. dxc5 Qxc5 30. Nc4 b5 31. axb5 Qxb5 32. Bf1 Qc6 33. Be2 Bf8 34. g4 Ng7 35. Bf3 Qb5 36. Be2 Qc5 37. Kg2 Qe7 38. Kg3 f5 39. exf6 Nxf6 40. Qe5 Rxd3+ 41. Bxd3 Nd5 42. Be4 Qf7 43. Ne3 Bd6 44. Qxg7+ Qxg7 45. Bxg7 Bxf4+ 46. Kf3 Bxe3 47. Bf6 Rb8 48. Bxd5 exd5 49. Kxe3 Kf7 50. Bd4 Rxb3+ 51. Kf4 Rh3 52. Rd2 a5 53. Ke5 a4 54. Kxd5 h5 55. g5 Rf3 56. Rf2 Rf5+ 57. Rxf5+ gxf5 58. Ke5 Kg6 59. h4 1-0

[Event "Kingston Invitational Swiss"]
[Site "Kingston-upon-Thames"]
[Date "2025.08.13"]
[Round "4.18"]
[White "Rudd, Jack"]
[Black "McMichael, Richard J"]
[Result "1-0"]
[WhiteElo "2259"]
[BlackElo "2112"]
[PlyCount "147"]
[EventDate "2025.08.12"]
[EventType "swiss"]
[EventRounds "9"]
[EventCountry "ENG"]

1. d4 e6 2. e4 d5 3. Nd2 Nc6 4. Ngf3 Nf6 5. e5 Nd7 6. Nb3 a5 7. a4 Be7 8. Bb5 Na7 9. Bd3 b6 10. O-O O-O 11. Qe2 Bb7 12. Bf4 c5 13. c4 cxd4 14. cxd5 Bxd5 15. Nbxd4 Nc5 16. Bc2 Rc8 17. Rfd1 Rc7 18. Rac1 Rd7 19. Qe3 Nc6 20. Nxc6 Bxc6 21. Ng5 g6 22. b3 Bd5 23. h4 h5 24. Qh3 Kg7 25. g4 Rh8 26. gxh5 Rxh5 27. Qg4 Qh8 28. Nxf7 Qh7 29. Rxd5 Rxh4 30. Bh6+ Kxf7 31. Qf3+ Ke8 32. Rxd7 Nxd7 33. Bf4 Nc5 34. Rd1 Qh5 35. Qc6+ Kf7 36. Bg3 Qg4 37. Rd2 Rh3 38. Kg2 Rh8 39. Qf3+ Qxf3+ 40. Kxf3 Rh1 41. Rd1 Rh8 42. Bf4 Rd8 43. Rh1 Rg8 44. Rh7+ Rg7 45. Rh8 Rg8 46. Rxg8 Kxg8 47. Kg4 Kf7 48. Bg5 Nd7 49. Bxe7 Kxe7 50. f4 Nb8 51. Bxg6 Nc6 52. Bd3 Nd4 53. Bc4 Nf5 54. Kf3 Nd4+ 55. Ke4 Nf5 56. Be2 Ng3+ 57. Kd3 Nf5 58. Bg4 Nh6 59. Bh3 Nf7 60. Kc4 Nh8 61. f5 exf5 62. Bxf5 Nf7 63. Kd5 Nd8 64. e6 Nb7 65. Kc6 Nc5 66. Bc2 Kxe6 67. Kxb6 Kd6 68. Kxa5 Kc7 69. Kb4 Nb7 70. a5 Nd8 71. Be4 Ne6 72. Kc4 Nd8 73. Bd5 Kb8 74. b4 1-0